000 00928nab a2200277 u 4500
001 15914
003 HDC
007 cr bn ---aaaaa
008 210201b20140605my ||||| |||| 00| 0 may d
040 _aHDC
100 _aSiti Suraya Md Tap,
_eauthor
_915136
245 0 _aBantu usahawan IKS urus bisnes /
_cSiti Suraya Md Tap
260 _aKuala Lumpur :
_bThe New Straits Times Press (M) Bhd.,
_c2014
300 _a1 online resource
336 _atext
_2rdacontent
337 _acomputer
_2rdamedia
338 _aonline resource
_2rdacarrier
650 _aEntrepreneurship
_9209
650 _aHalal food
_950
650 _aSmall business
_9208
710 _aHarian Metro,
_eissung body
856 _zRequest full-text at [email protected]
942 _2lcc
942 _cNEWS
942 _kNWSC 006447
999 _c13230
_d13230